[Event "Erfurt op (Women)"]
[Site "Erfurt"]
[Date "2017.08.04"]
[Round "9"]
[White "Frayna, Janelle Mae"]
[Black "Kinzel, Tiffany"]
[Result "1-0"]
[WhiteElo "2235"]
[BlackElo "1755"]
[PlyCount "101"]
[EventDate "2017.07.31"]
[EventType "swiss"]
[EventRounds "9"]
[EventCountry "GER"]
[SourceTitle "CBM 179 Extra"]
[Source "ChessBase"]
[SourceDate "2017.08.23"]
[SourceVersion "1"]
[SourceVersionDate "2017.08.23"]
[SourceQuality "1"]

1. Nf3 d5 2. c4 e6 3. g3 c6 4. Bg2 Bd6 5. 0-0 f5 6. d3 Nf6 7. Nc3 0-0 8. e4 fxe4 9. dxe4 dxe4 10. Ng5 Qe7 11. Ncxe4 Bc7 12. Qc2 Nbd7 13. Be3 h6 14. Nxf6+ Nxf6 15. Ne4 Nxe4 16. Bxe4 e5 17. Rab1 Bh3 18. Rfd1 a5 19. Qb3 Rfb8 20. Bb6 Be6 21. Bxc7 Qxc7 22. Qc3 Rf8 23. Rd2 Rf6 24. Re1 Re8 25. b3 Bg4 26. Bg2 Rfe6 27. h3 Bh5 28. Rd3 b6 29. Rde3 Bf7 30. Be4 Rf6 31. Bf3 Rfe6 32. Bg4 R6e7 33. Qd3 h5 34. Bf5 Rd8 35. Qe2 g6 36. Bb1 Rde8 37. f4 Qd7 38. Kh2 b5 39. cxb5 cxb5 40. Rxe5 Kf8 41. Bd3 Rxe5 42. fxe5 Rxe5 43. Qxe5 Qxd3 44. Re2 Qf3 45. Rd2 Qc6 46. Qh8+ Ke7 47. Qd8+ Ke6 48. Re2+ Kf5 49. Qd3+ Kf6 50. Qd4+ Kf5 51. Qf4# 1-0

[Event "Erfurt op (Women)"]
[Site "Erfurt"]
[Date "2017.08.04"]
[Round "8"]
[White "Kinzel, Tiffany"]
[Black "Chigaeva, Anastasia"]
[Result "1/2-1/2"]
[WhiteElo "1755"]
[BlackElo "2186"]
[PlyCount "63"]
[EventDate "2017.07.31"]
[EventType "swiss"]
[EventRounds "9"]
[EventCountry "GER"]
[SourceTitle "CBM 179 Extra"]
[Source "ChessBase"]
[SourceDate "2017.08.23"]
[SourceVersion "1"]
[SourceVersionDate "2017.08.23"]
[SourceQuality "1"]

1. d4 d5 2. e3 Nf6 3. Bd3 c5 4. c3 e6 5. f4 Bd6 6. Nf3 Qc7 7. Ne5 Nc6 8. 0-0 0-0 9. Nd2 b6 10. Rf3 Rd8 11. Rh3 g6 12. g4 Bf8 13. Qf3 Bg7 14. Qg3 Ne7 15. Qh4 a5 16. Ndf3 h5 17. gxh5 Nxh5 18. Qf2 Nf5 19. Nh4 Nxh4 20. Rxh4 Ba6 21. Bc2 Nf6 22. Qg2 Ne4 23. Bd2 Bb7 24. Rf1 Kf8 25. Be1 Nf6 26. Rh3 Ke7 27. Bh4 Rh8 28. Rff3 Kd6 29. Kh1 Ne4 30. Be1 Qe7 31. Rxh8 Rxh8 32. Rh3 1/2-1/2

[Event "GER-ch rapid (Women)"]
[Site "Erfurt"]
[Date "2017.07.29"]
[Round "5"]
[White "Zahn, Alina"]
[Black "Kinzel, Tiffany"]
[Result "1-0"]
[WhiteElo "2025"]
[BlackElo "1755"]
[PlyCount "87"]
[EventDate "2017.07.29"]
[EventType "swiss (rapid)"]
[EventRounds "9"]
[EventCountry "GER"]
[SourceTitle "EXT 2020"]
[Source "ChessBase"]
[SourceDate "2019.10.17"]
[SourceVersion "1"]
[SourceVersionDate "2019.10.17"]
[SourceQuality "1"]

1. e4 c5 2. Nf3 d6 3. d4 cxd4 4. Nxd4 Nf6 5. f3 a6 6. c4 e6 7. Be3 b6 8. Be2 Bb7 9. 0-0 Be7 10. Qd2 0-0 11. Nc3 Nbd7 12. Rfd1 Rc8 13. Bf1 Qc7 14. Rac1 Rfd8 15. Qf2 Bc6 16. Nb3 Qb8 17. Nd4 Ba8 18. b3 Ne8 19. Qg3 Ne5 20. f4 Nc6 21. Nf3 Nf6 22. Bd3 Nb4 23. Bb1 d5 24. e5 Ne4 25. Qh3 Bc5 26. Bxc5 bxc5 27. a3 Nc6 28. cxd5 Nxc3 29. Qxh7+ Kf8 30. Rxc3 exd5 31. Qh8+ Ke7 32. Qxg7 Rg8 33. Qf6+ Ke8 34. e6 Qb7 35. Bh7 Rf8 36. exf7+ Rxf7 37. Bg6 Nd8 38. Re3+ Kd7 39. Bxf7 Rc6 40. Re7+ Kc8 41. Qf5+ Re6 42. Bxe6+ Nxe6 43. Qxe6+ Kb8 44. Rxb7+ 1-0

[Event "BL2 West 1516 (Women)"]
[Site "Germany"]
[Date "2015.12.06"]
[Round "4.5"]
[White "Schellmann, Mareike"]
[Black "Kinzel, Tiffany"]
[Result "0-1"]
[WhiteElo "1507"]
[BlackElo "1724"]
[PlyCount "50"]
[EventDate "2015.09.26"]
[EventType "team-tourn"]
[EventRounds "7"]
[EventCountry "GER"]
[SourceTitle "EXT 2017"]
[Source "ChessBase"]
[SourceDate "2016.10.25"]
[SourceVersion "1"]
[SourceVersionDate "2016.10.25"]
[SourceQuality "1"]
[WhiteTeam "Steinfurt (W)"]
[BlackTeam "Muelheim (W)"]
[WhiteTeamCountry "GER"]
[BlackTeamCountry "GER"]

1. e4 c5 2. Nf3 d6 3. d4 cxd4 4. Nxd4 Nf6 5. Nc3 a6 6. Be3 e5 7. Nb3 Be6 8. Be2 Be7 9. 0-0 Nbd7 10. Qd2 b5 11. a3 0-0 12. Rad1 Nb6 13. f3 Qc7 14. Nc1 Rfd8 15. Bxb6 Qxb6+ 16. Kh1 d5 17. exd5 Bxd5 18. Bd3 Bb7 19. Qe2 Bd6 20. Rd2 Bc7 21. Rfd1 Nh5 22. Be4 Ng3+ 23. hxg3 Qh6+ 24. Kg1 Bb6+ 25. Rd4 exd4 0-1

[Event "GER-ch U18 Girls"]
[Site "Oberhof"]
[Date "2010.05.23"]
[Round "1"]
[White "Stitterich, Nadine"]
[Black "Kinzel, Tiffany"]
[Result "0-1"]
[WhiteElo "1974"]
[BlackElo "1570"]
[PlyCount "94"]
[EventDate "2010.05.22"]
[EventType "swiss"]
[EventRounds "9"]
[EventCountry "GER"]
[SourceTitle "CBM 136 Extra"]
[Source "ChessBase"]
[SourceDate "2010.07.02"]
[SourceVersion "2"]
[SourceVersionDate "2010.07.15"]
[SourceQuality "1"]

1. e4 c5 2. Nf3 d6 3. d4 cxd4 4. Nxd4 Nf6 5. Nc3 a6 6. Be2 e5 7. Nb3 Be7 8. 0-0 0-0 9. Kh1 Be6 10. f4 exf4 11. Bxf4 Qb6 12. Bf3 Nbd7 13. Nd5 Nxd5 14. exd5 Bf5 15. c3 Rfe8 16. Qd4 Qc7 17. Rae1 Bf6 18. Qd2 Ne5 19. Bxe5 Bxe5 20. Nd4 Bg6 21. Bg4 Qc4 22. b3 Qc5 23. Bf3 Rac8 24. Rc1 h6 25. Ne2 Bf6 26. Rce1 Bxc3 27. Nxc3 Qxc3 28. Qf4 Qe5 29. Qb4 Qe7 30. Bg4 Rcd8 31. h3 b5 32. Qa5 Qb7 33. Rc1 Qxd5 34. Bf3 Be4 35. Bxe4 Qxe4 36. Qxa6 Ra8 37. Qxb5 Rxa2 38. Rg1 Rd8 39. Rce1 Qg6 40. Qd5 Rb2 41. Rd1 Qe6 42. Qa5 Rb8 43. Qc7 R8xb3 44. Qd8+ Kh7 45. Qh4 Qg6 46. Qf4 Qh5 47. Qh2 Rxg2 0-1

[Event "GER-ch Schools U18 Girls"]
[Site "Germany"]
[Date "2009.05.17"]
[Round "5.1"]
[White "Kickert, Germaine Helene"]
[Black "Kinzel, Tiffany"]
[Result "1/2-1/2"]
[WhiteElo "1926"]
[BlackElo "1765"]
[PlyCount "50"]
[EventDate "2009.05.16"]
[EventType "team-swiss"]
[EventRounds "7"]
[EventCountry "GER"]
[SourceTitle "EXT 2011"]
[Source "ChessBase"]
[SourceDate "2010.11.26"]
[SourceVersion "1"]
[SourceVersionDate "2010.11.26"]
[SourceQuality "1"]
[WhiteTeam "Jever (W)"]
[BlackTeam "Arnstadt StG (W)"]
[WhiteTeamCountry "GER"]
[BlackTeamCountry "GER"]

1. e4 c5 2. Nc3 e6 3. g3 Ne7 4. Nge2 a6 5. a4 b6 6. Bg2 Nbc6 7. 0-0 g6 8. d4 cxd4 9. Nxd4 Bg7 10. Be3 0-0 11. Qd2 Qc7 12. Rad1 Rb8 13. Bf4 e5 14. Nxc6 dxc6 15. Be3 Bg4 16. f3 Be6 17. Qd6 Qb7 18. Bg5 Nc8 19. Qd3 b5 20. b3 h6 21. Be3 Nb6 22. a5 Nd7 23. Rf2 Rfd8 24. Rfd2 Bf8 25. Na2 Qc7 1/2-1/2

[Event "GER-ch Schools U18 Girls"]
[Site "Germany"]
[Date "2009.05.17"]
[Round "4.1"]
[White "Kinzel, Tiffany"]
[Black "Heinemann, Josefine"]
[Result "1-0"]
[WhiteElo "1765"]
[BlackElo "1120"]
[PlyCount "117"]
[EventDate "2009.05.16"]
[EventType "team-swiss"]
[EventRounds "7"]
[EventCountry "GER"]
[SourceTitle "EXT 2011"]
[Source "ChessBase"]
[SourceDate "2010.11.26"]
[SourceVersion "1"]
[SourceVersionDate "2010.11.26"]
[SourceQuality "1"]
[WhiteTeam "Arnstadt StG (W)"]
[BlackTeam "Magdeburg WvSG (W)"]
[WhiteTeamCountry "GER"]
[BlackTeamCountry "GER"]

1. Nc3 e5 2. Nf3 Nc6 3. d4 exd4 4. Nxd4 Nf6 5. e4 Bc5 6. Be3 Bb4 7. Nxc6 bxc6 8. Bd3 d5 9. exd5 cxd5 10. a3 Bxc3+ 11. bxc3 Ng4 12. Bd4 Qe7+ 13. Qe2 Qxe2+ 14. Bxe2 0-0 15. 0-0 Nh6 16. Rfe1 Re8 17. Bb5 Rxe1+ 18. Rxe1 Bf5 19. Bc6 Rd8 20. Bxd5 Bxc2 21. Bxa7 g6 22. Bc4 Nf5 23. f3 Ra8 24. Bc5 Ra5 25. Bb4 Ra8 26. g4 Nh4 27. Kf2 g5 28. Re7 Rf8 29. Rxc7 Rd8 30. Rxf7 Rd2+ 31. Kg3 Rg2+ 32. Kh3 Bg6 33. Rf5+ Kg7 34. Bf8+ Kh8 35. Rxg5 Rxh2+ 36. Kxh2 Nxf3+ 37. Kg3 Nxg5 38. Bd5 Ne4+ 39. Bxe4 Bxe4 40. c4 Kg8 41. Bb4 Kg7 42. a4 Bc6 43. a5 Kf6 44. a6 Ke5 45. Bc5 Ke4 46. Bb6 Kd3 47. c5 Kc4 48. Kh4 Kb5 49. a7 Be4 50. Kh5 Kc6 51. a8Q+ Kb5 52. Qxe4 Ka6 53. Bd8 Kb5 54. Qe7 Kc4 55. c6 Kb5 56. c7 Ka4 57. c8Q Kb3 58. Qeb7+ Ka4 59. Qca8# 1-0

[Event "GER-chT U20"]
[Site "Arendsee"]
[Date "2008.12.28"]
[Round "4.5"]
[White "Klebanov, Andrej"]
[Black "Kinzel, Tiffany"]
[Result "0-1"]
[WhiteElo "1863"]
[BlackElo "1684"]
[PlyCount "48"]
[EventDate "2008.12.27"]
[EventType "team-swiss"]
[EventRounds "7"]
[EventCountry "GER"]
[SourceTitle "CBM 128 Extra"]
[Source "ChessBase"]
[SourceDate "2009.03.05"]
[SourceVersion "2"]
[SourceVersionDate "2009.03.25"]
[SourceQuality "1"]
[WhiteTeam "Chemnitz USG"]
[BlackTeam "Stadtilm Blau Weiss"]
[WhiteTeamCountry "GER"]
[BlackTeamCountry "GER"]

1. d4 d5 2. c4 e6 3. Nc3 Nf6 4. Bg5 Nbd7 5. e3 Be7 6. Nf3 a6 7. a4 b6 8. Bd3 0-0 9. 0-0 Re8 10. cxd5 exd5 11. Rc1 Bb7 12. Qc2 g6 13. Bf4 Rc8 14. Qe2 Nb8 15. Ne5 c5 16. b3 Bd6 17. Rfe1 Nh5 18. g3 cxd4 19. exd4 Nxf4 20. gxf4 f6 21. Qg4 fxe5 22. Bxg6 Re7 23. Bxh7+ Kxh7 24. Re3 Rg7 0-1

[Event "GER-ch U16 Girls"]
[Site "Willingen"]
[Date "2008.05.11"]
[Round "2"]
[White "Kinzel, Tiffany"]
[Black "Sonnhalter, Stella"]
[Result "1-0"]
[WhiteElo "1659"]
[BlackElo "1530"]
[PlyCount "39"]
[EventDate "2008.05.11"]
[EventType "swiss"]
[EventRounds "9"]
[EventCountry "GER"]
[SourceTitle "CBM 124 Extra"]
[Source "ChessBase"]
[SourceDate "2008.07.03"]
[SourceVersion "1"]
[SourceVersionDate "2008.07.03"]
[SourceQuality "1"]

1. Nc3 c5 2. e4 Nc6 3. f4 g6 4. Nf3 Bg7 5. Bc4 e6 6. 0-0 Nge7 7. d3 0-0 8. Qe1 d6 9. a3 Rb8 10. Qh4 a6 11. f5 exf5 12. Bh6 b5 13. Ba2 Re8 14. Ng5 Ne5 15. Bxg7 Kxg7 16. Qxh7+ Kf8 17. Qh6+ Kg8 18. Bxf7+ Nxf7 19. Qh7+ Kf8 20. Qxf7# 1-0

[Event "GER-ch U16 Girls"]
[Site "Willingen"]
[Date "2007.05.29"]
[Round "6"]
[White "Kickert, Germaine Helene"]
[Black "Kinzel, Tiffany"]
[Result "1-0"]
[WhiteElo "1906"]
[BlackElo "1658"]
[PlyCount "103"]
[EventDate "2007.05.26"]
[EventType "swiss"]
[EventRounds "9"]
[EventCountry "GER"]
[SourceTitle "CBM 118 Extra"]
[Source "ChessBase"]
[SourceDate "2007.07.04"]
[SourceVersion "1"]
[SourceVersionDate "2007.07.04"]
[SourceQuality "1"]

1. e4 c5 2. Nf3 d6 3. d4 cxd4 4. Nxd4 Nf6 5. Nc3 a6 6. Be2 e5 7. Nb3 Be6 8. 0-0 b5 9. Bg5 Be7 10. Bxf6 Bxf6 11. Nd5 Bxd5 12. Qxd5 Ra7 13. Rfd1 Be7 14. a4 bxa4 15. Rxa4 0-0 16. Rda1 Qb6 17. Bc4 Rc7 18. c3 Kh8 19. Bxa6 f5 20. Rb4 Qc6 21. Qxc6 Rxc6 22. Bb7 Rc7 23. Rb5 fxe4 24. Bxe4 Nd7 25. Bd5 Nf6 26. Raa5 Nxd5 27. Rxd5 g6 28. g3 Rb8 29. Rdb5 Rcb7 30. c4 d5 31. Rxb7 Rxb7 32. Rb5 Rxb5 33. cxb5 Kg7 34. b6 Kf6 35. b7 Bd6 36. Nc5 Ke7 37. Na6 Kd7 38. b8Q Bxb8 39. Nxb8+ Kc7 40. Na6+ Kb6 41. Nb4 Kc5 42. Nd3+ Kd4 43. Nc1 Kc4 44. Kf1 e4 45. Ke2 d4 46. f3 d3+ 47. Ke3 exf3 48. Nxd3 f2 49. Nxf2 Kb3 50. Nd3 Kc4 51. b4 Kb5 52. Kf4 1-0